| 000 | 00548nam a2200169 i 4500 | ||
|---|---|---|---|
| 001 | 86778 | ||
| 003 | ES-MaACL | ||
| 005 | 20230906175525.0 | ||
| 007 | t| | ||
| 008 | 041215s1971 sp ||||1| spa d | ||
| 100 | 1 |
_aKay, M. _967672 |
|
| 245 | 1 | 0 |
_aMétodos de producción intensiva de vacuno de carne _b: alimentación a base de cereales / _cM. Kay ; traducido por Benedicto Sanz Sanz. |
| 260 |
_aZaragoza : _bAcribia, _c[1971] |
||
| 300 |
_a82 p. ; _c20 cm. |
||
| 700 | 1 |
_aSanz y Sanz, Benedicto. _9103698 |
|
| 852 |
_aES-MaACL _jC-45390 _bR.78272 |
||
| 999 |
_c86778 _d86778 |
||